Fifteen days: stories of bravery, friendship, life and death from inside the new Canadian Army

Kaydedildi:
Detaylı Bibliyografya
Yazar: Blatchford, Christie (Yazar)
Materyal Türü: Kitap
Dil:İngilizce
Baskı/Yayın Bilgisi: Toronto Anchor Canada 2008
Edisyon:1a. ed
Seri Bilgileri:Rincón Canadá
Konular:
Etiketler: Etiketle
Etiket eklenmemiş, İlk siz ekleyin!

MARC

LEADER 00000cam a2200000 a 4500
001 UCE3640
003 CL-VaPUC
008 140911e20080000cn |||||||||||||||||eng|d
020 |a 9780385664677 
082 0 4 |a C813  |b BLA  |2 21 
100 0 |a Blatchford, Christie  |e author  |9 576105 
245 1 0 |a Fifteen days: stories of bravery, friendship, life and death from inside the new Canadian Army 
250 |a 1a. ed 
300 |a 389 p 
942 |c BK 
945 |d 20140911 14:25:00  |a arojas 
260 |a Toronto  |b Anchor Canada  |c 2008 
650 0 |a Novelas canadienses  |9 261026 
650 0 |a Literatura canadiense  |9 342826 
583 |a last modification  |c 20140911 14:25:00  |k Rodrigo Vera 
490 0 |a Rincón Canadá 
999 |c 356836  |d 356834 
952 |0 0  |1 0  |3 erb  |4 0  |6 C_813_000000000000000_BLA_2008  |7 0  |8 A  |9 464593  |a BIBEDU  |b BIBEDU  |i 5113903  |l 1  |o C813 BLA 2008  |p 5113903  |r 2023-07-05  |s 2023-07-05  |w 2019-11-23  |y BK  |z Catalogado en:20140911  |k LIT